| 000 | 01707nam a2200241Ia 4500 | ||
|---|---|---|---|
| 008 | 260220t1981||||xx |||||||||||||| ||spa|| | ||
| 040 |
_aPY-SlUNAC _bspa _erda |
||
| 041 | _aspa | ||
| 082 |
_a860 _bC16c |
||
| 100 |
_aCandel, Francisco _eAutor |
||
| 245 | 0 |
_aCarta abierta a un empresario / _cpor Francisco Candel [Autor] |
|
| 264 |
_aBarcelona : _bPlaza y Jones, _c℗1981. |
||
| 300 | _a1 volumen | ||
| 520 | _aEn "Carta abierta a un empresario", Francisco Candel aborda la relación entre el mundo empresarial y la sociedad, enfatizando la responsabilidad social que tienen los empresarios en el desarrollo de comunidades y en la mejora de las condiciones laborales. A través de un tono directo y reflexivo, Candel critica la deshumanización del trabajo y la tendencia a priorizar el lucro sobre el bienestar humano, proponiendo un modelo empresarial más ético y comprometido con la justicia social. El autor destaca la importancia de la integración de los trabajadores en la toma de decisiones y aboga por una visión empresarial que valore la dignidad y el potencial de cada individuo. Asimismo, plantea que la prosperidad económica no debe ser un fin en sí mismo, sino un medio para alcanzar una sociedad más equitativa. Esta obra es un llamado a la acción para que los empresarios reconsideren su papel en la construcción de un entorno laboral justo y solidario, promoviendo así un cambio positivo en la sociedad. | ||
| 653 | _aDesarrollo económico | ||
| 653 | _aEmpresarial | ||
| 653 | _aRelaciones laborales | ||
| 942 |
_b2026/02/17 _cBK |
||
| 999 |
_c9168 _d9168 |
||